000 00397nam a2200169Ia 4500
008 230524s9999 xx 000 0 und d
020 _a9788131724613
082 _a5.5
_bSOM
100 _aIan Sommerville
245 0 _aSoftware Engineering
250 _a5TH
260 _aNEW DELHI
_bPearson
_c2001
300 _aXXV;867
500 _aQuantity Number: 22
650 _aComp-Sc
942 _cBK
999 _c23850
_d23850